|
|
|
|
| LEADER |
01399nam a2200229 i 4500 |
| 003 |
GR-PaULI |
| 005 |
20241120132244.0 |
| 008 |
220902s1970 gr ||||| |||| 00| 0 eng d |
| 952 |
|
|
|0 0
|1 0
|2 ddc
|3 τ.1
|4 0
|6 889_120000000000000_ΠΟΛ
|7 0
|9 363804
|a LISP
|b LISP
|c DON
|d 2022-09-02
|e ΠΑΝ
|i 094651
|l 0
|o 889.12 ΠΟΛ
|p 025000294610
|r 2022-09-02 00:00:00
|t 1
|v 2022.00
|w 2022-09-02
|y BKN
|x Προθήκες αίθουσας ασανσέρ
|
| 952 |
|
|
|0 0
|1 0
|2 ddc
|3 τ.2
|4 0
|6 889_120000000000000_ΠΟΛ
|7 0
|9 363806
|a LISP
|b LISP
|c DON
|d 2022-09-02
|e ΠΑΝ
|i 094642
|l 0
|o 889.12 ΠΟΛ
|p 025000165221
|r 2022-09-02 00:00:00
|t 1
|v 2022.00
|w 2022-09-02
|y BKN
|x Προθήκες αίθουσας ασανσέρ
|
| 999 |
|
|
|c 212585
|d 212585
|
| 040 |
|
|
|a GR-PaULI
|b gre
|c GR-PaULI
|e AACR2
|
| 082 |
0 |
4 |
|2 23
|a 889.12
|
| 100 |
1 |
0 |
|9 80444
|a Πολέμης, Ιωάννης,
|d 1862-1924
|e συγγραφέας.
|
| 245 |
|
|
|a Πολέμης :
|b άπαντα : τα πρωτότυπα ποιητικά και θεατρικά /
|c αναστύλωσε Γ. Βαλέτας.
|
| 260 |
|
|
|a Αθήνα :
|b Δωρικός,
|c 1970.
|
| 300 |
|
|
|a τ.2 ;
|c 21 εκ.
|
| 490 |
1 |
|
|a Νεοελληνική βιβλιοθήκη / Δωρικός
|
| 700 |
1 |
|
|a Βαλέτας, Γ.
|d 1907-1989
|q (Γιώργος),
|e επιμελητής.
|9 80024
|
| 830 |
|
0 |
|9 193562
|a Νεοελληνική βιβλιοθήκη (Δωρικός)
|
| 942 |
|
|
|2 ddc
|c BKN
|
| 998 |
|
|
|c ΣΑΤΛΑΝΗΣ
|d 2022-08
|